MARC details
| 000 -LEADER |
| fixed length control field |
02136nam a2200361 a 4500 |
| 001 - CONTROL NUMBER |
| control field |
58360 |
| 003 - CONTROL NUMBER IDENTIFIER |
| rucl marc code |
BD-RjUL |
| 005 - DATE AND TIME OF LATEST TRANSACTION |
| control field |
20211209080619.0 |
| 008 - FIXED-LENGTH DATA ELEMENTS--GENERAL INFORMATION |
| fixed length control field |
161218s1999 ii b 001 0 eng |
| 020 ## - INTERNATIONAL STANDARD BOOK NUMBER |
| International Standard Book Number |
0761993452 (US hb) |
|
| International Standard Book Number |
8170368103 (India hb) |
|
| International Standard Book Number |
0761993460 (p) |
| 035 ## - SYSTEM CONTROL NUMBER |
| System control number |
(BD-RjUL)58484 |
|
| System control number |
(OCoLC)40891128 |
|
| System control number |
(OCoLC)42658958 |
| 040 ## - CATALOGING SOURCE |
| Original cataloging agency |
DLC |
| Transcribing agency |
DLC |
| Modifying agency |
UKM |
| -- |
C#P |
| -- |
MYG |
| -- |
OrLoB-B |
| Language of cataloging |
eng |
| 041 ## - LANGUAGE CODE |
| Language code of text/sound track or separate title |
eng |
| 082 00 - DEWEY DECIMAL CLASSIFICATION NUMBER |
| Classification number |
332.710954 |
| Edition number |
23 |
| Author mark and year |
KAR 1999 |
| 100 1# - MAIN ENTRY--PERSONAL NAME |
| Personal name |
Karmakar, K. G., |
| Dates associated with a name |
1952- |
| 9 (RLIN) |
173332 |
| 245 10 - TITLE STATEMENT |
| Title |
Rural credit and self-help groups : |
| Remainder of title |
micro-finance needs and concepts in India / |
| Statement of responsibility, etc. |
K.G. Karmakar. |
| 260 ## - PUBLICATION, DISTRIBUTION, ETC. (IMPRINT) |
| Place of publication, distribution, etc. |
New Delhi ; |
| -- |
Thousand Oaks : |
| Name of publisher, distributor, etc. |
Sage Publications, |
| Date of publication, distribution, etc. |
1999. |
| 300 ## - PHYSICAL DESCRIPTION |
| Pagination |
374 p. ; |
| Size |
23 cm. |
| 504 ## - BIBLIOGRAPHY, ETC. NOTE |
| Bibliography, etc |
Includes bibliographical references and index. |
| 505 00 - FORMATTED CONTENTS NOTE |
| Title |
Foreword / |
| -- |
Rural Credit: Problems and Prospects. |
| -- |
Introduction. |
| -- |
The Role of Credit in Rural Development. |
| -- |
Evolution and Growth of the Rural Credit Delivery System. |
| -- |
Credit Recycling and the Problem of Overdues. |
| -- |
Agricultural Credit Review Committee (ACRC), 1989. |
| -- |
Narasimham Committee, 1991, and Gupta Committee, 1998. |
| -- |
Rural Credit Agencies Analysed. |
| -- |
Rural Credit at the Cross-roads -- |
| -- |
Analysis of Micro-finance Needs. |
| -- |
Credit Requirements of Tribal People. |
| -- |
Credit for the Rural Non-farm Sector. |
| -- |
Credit for Rural Women. |
| -- |
Credit for Micro-enterprise Development -- |
| -- |
Role of Self-help Groups. |
| -- |
Self-help Concepts. |
| -- |
Self-help Groups in India - An Assessment. |
| -- |
The BAAC System in Thailand. |
| -- |
The Grameen Bank in Bangladesh. |
| -- |
Self-help Groups and Bank Linkages. |
| -- |
Basic Policy Issues on Self-help Groups -- |
| -- |
Strategies for Sustainable Rural Credit Delivery. |
| -- |
Revival of the Rural Credit Delivery System in India. |
| -- |
Designing Appropriate Systems for Micro-enterprises. |
| 650 #0 - SUBJECT ADDED ENTRY--TOPICAL TERM |
| Topical term or geographic name as entry element |
Agricultural credit |
| Geographic subdivision |
India. |
| 9 (RLIN) |
173333 |
|
| Topical term or geographic name as entry element |
Rural credit |
| Geographic subdivision |
India. |
| 9 (RLIN) |
173334 |
|
| Topical term or geographic name as entry element |
Rural development |
| Geographic subdivision |
India. |
| 9 (RLIN) |
170402 |
|
| Topical term or geographic name as entry element |
Self-help groups |
| Geographic subdivision |
India. |
| 9 (RLIN) |
173335 |
|
| Topical term or geographic name as entry element |
Microfinance |
| Geographic subdivision |
India. |
| 9 (RLIN) |
173336 |
| 942 ## - ADDED ENTRY ELEMENTS (KOHA) |
| Source of classification or shelving scheme |
Dewey Decimal Classification |
| Koha item type |
Books |
| 949 ## - LOCAL PROCESSING INFORMATION (OCLC) |
| a |
d |
| p |
39080014603242 |